000 00434cam a2200181ua 4500
001 7298
008 141206n ii |||gr||||Z||||||ben
040 _cMAIN
041 _aben
082 _a891.44
100 _aSen, S.,
_eAuthor.
245 1 _aBangala Sahitya itihash :
_b4th vol. /
_cBy Sukumar Sen .
250 _a1st.
260 _aKolkatta:
_bEastern,
_c1963.
300 _a440p.
653 _aBengali literature
942 _cBK
999 _c6423
_d6423